Buyer (and seller) beware (Record no. 84862)
[ view plain ]
| 000 -LEADER | |
|---|---|
| fixed length control field | 00730cab a22002175a 4500 |
| 001 - CONTROL NUMBER | |
| control field | L159283 |
| 008 - FIXED-LENGTH DATA ELEMENTS--GENERAL INFORMATION | |
| fixed length control field | 160425e20160416xxk 000 0 eng d |
| 035 ## - SYSTEM CONTROL NUMBER | |
| System control number | (Sirsi) u159283 |
| 041 0# - LANGUAGE CODE | |
| Language code of text/sound track or separate title | eng |
| 100 1# - MAIN ENTRY--PERSONAL NAME | |
| Personal name | Elkins, J. |
| 100 1# - MAIN ENTRY--PERSONAL NAME | |
| Personal name | Dean, E. |
| 245 00 - TITLE STATEMENT | |
| Title | Buyer (and seller) beware |
| 260 ## - PUBLICATION, DISTRIBUTION, ETC. | |
| Date of publication, distribution, etc. | 2016 |
| 490 ## - SERIES STATEMENT | |
| Series statement | Estates Gazette |
| Volume/sequential designation | (1615) 16 April 2016, 106-107(2) |
| 520 ## - SUMMARY, ETC. | |
| Summary, etc. | Highlights issues for both sellers and buyers when it comes to replies to enquiries. Discusses the seller's duty with regards to giving replies to pre-contract enquiries, and also the concept of buyer beware. |
| 590 ## - LOCAL NOTE (RLIN) | |
| Local note | KA |
| 651 #4 - SUBJECT ADDED ENTRY--GEOGRAPHIC NAME | |
| Geographic name | United Kingdom |
| 690 ## - LOCAL SUBJECT ADDED ENTRY--TOPICAL TERM (OCLC, RLIN) | |
| Topical term or geographic name as entry element | Procurement |
| 9 (RLIN) | 6260 |
| 690 ## - LOCAL SUBJECT ADDED ENTRY--TOPICAL TERM (OCLC, RLIN) | |
| Topical term or geographic name as entry element | Property management |
| 9 (RLIN) | 6262 |
| 942 ## - ADDED ENTRY ELEMENTS (KOHA) | |
| Suppress in OPAC | 0 |
| Withdrawn status | Lost status | Source of classification or shelving scheme | Damaged status | Not for loan | Home library | Current library | Shelving location | Date acquired | Total Checkouts | Full call number | Barcode | Date last seen | Copy number | Price effective from | Koha item type |
|---|---|---|---|---|---|---|---|---|---|---|---|---|---|---|---|
| Dewey Decimal Classification | London | London | Journal article | 25/04/2016 | L159283 | 159283-1001 | 06/08/2019 | 1 | 06/08/2019 | Journal article |